<?xml version="1.0" encoding="UTF-8"?>
<record
    xmlns:xsi="http://www.w3.org/2001/XMLSchema-instance"
    xsi:schemaLocation="http://www.loc.gov/MARC21/slim http://www.loc.gov/standards/marcxml/schema/MARC21slim.xsd"
    xmlns="http://www.loc.gov/MARC21/slim">

  <leader>00662nam a2200193   4500</leader>
  <controlfield tag="001">83427)</controlfield>
  <controlfield tag="003">BD-RjUL</controlfield>
  <controlfield tag="005">20250908154912.0</controlfield>
  <controlfield tag="008">240320s1952    ii ||||| |||| 00| 0 urd d</controlfield>
  <datafield tag="035" ind1=" " ind2=" ">
    <subfield code="a">(BD-RjUL)83427)</subfield>
  </datafield>
  <datafield tag="040" ind1=" " ind2=" ">
    <subfield code="a">BD-RjUL</subfield>
    <subfield code="b">eng</subfield>
    <subfield code="c">BD-RjUL</subfield>
  </datafield>
  <datafield tag="041" ind1=" " ind2=" ">
    <subfield code="a">urd</subfield>
  </datafield>
  <datafield tag="082" ind1=" " ind2=" ">
    <subfield code="2">23</subfield>
    <subfield code="a">891.439</subfield>
    <subfield code="b">ABS 1952</subfield>
  </datafield>
  <datafield tag="245" ind1=" " ind2=" ">
    <subfield code="a">&#x634;&#x639;&#x631;&#x627;&#x626;&#x6D2; &#x627;&#x631;&#x62F;&#x648; &#x6A9;&#x6D2; &#x62A;&#x630;&#x6A9;&#x631;&#x6D2; &#x627;&#x648;&#x631; &#x62A;&#x630;&#x6A9;&#x631;&#x647; &#x646;&#x6AF;&#x627;&#x631;&#x649; &#x6A9;&#x627; &#x641;&#x646; ;; Shu&#x2BB;ar&#x101;&#x2BC;e Urd&#x16B; ke taz&#x332;kire aur taz&#x332;kirah nig&#x101;r&#x12B; k&#x101; fann /</subfield>
    <subfield code="c"> &#x633;&#x651;&#x649;&#x62F; &#x639;&#x628;&#x62F;&#x627;&#x644;&#x644;&#x647;.  ;;; Sayyid &#x2BB;Abdull&#x101;h</subfield>
  </datafield>
  <datafield tag="260" ind1=" " ind2=" ">
    <subfield code="a">Lahore :</subfield>
    <subfield code="b">Maktubat i Zadid ,</subfield>
    <subfield code="c">1952</subfield>
  </datafield>
  <datafield tag="300" ind1=" " ind2=" ">
    <subfield code="a">111 p. ;</subfield>
    <subfield code="c">18 cm</subfield>
  </datafield>
  <datafield tag="650" ind1=" " ind2=" ">
    <subfield code="a">Urdu Litrature</subfield>
    <subfield code="9">4685</subfield>
  </datafield>
  <datafield tag="942" ind1=" " ind2=" ">
    <subfield code="2">ddc</subfield>
    <subfield code="c">BK</subfield>
  </datafield>
  <datafield tag="999" ind1=" " ind2=" ">
    <subfield code="c">83427</subfield>
    <subfield code="d">83427</subfield>
  </datafield>
  <datafield tag="952" ind1=" " ind2=" ">
    <subfield code="0">0</subfield>
    <subfield code="1">0</subfield>
    <subfield code="2">ddc</subfield>
    <subfield code="4">0</subfield>
    <subfield code="7">1</subfield>
    <subfield code="8">NFIC</subfield>
    <subfield code="a">RUCL</subfield>
    <subfield code="b">RUCL</subfield>
    <subfield code="c">Reading</subfield>
    <subfield code="d">1967-05-16</subfield>
    <subfield code="e">Sh. Mubarak Ali</subfield>
    <subfield code="g">2.00</subfield>
    <subfield code="l">0</subfield>
    <subfield code="o">U 891.439 ABS 1952</subfield>
    <subfield code="r">2024-03-20 00:00:00</subfield>
    <subfield code="t">C-1</subfield>
    <subfield code="w">2024-03-20</subfield>
    <subfield code="y">BK</subfield>
  </datafield>
  <datafield tag="952" ind1=" " ind2=" ">
    <subfield code="0">0</subfield>
    <subfield code="1">0</subfield>
    <subfield code="2">ddc</subfield>
    <subfield code="4">0</subfield>
    <subfield code="7">0</subfield>
    <subfield code="8">NFIC</subfield>
    <subfield code="a">RUCL</subfield>
    <subfield code="b">RUCL</subfield>
    <subfield code="c">GEN</subfield>
    <subfield code="d">1957-08-10</subfield>
    <subfield code="e">Muhammad &amp; brathers</subfield>
    <subfield code="g">2.00</subfield>
    <subfield code="l">0</subfield>
    <subfield code="o">U 891.439 ABS 1952</subfield>
    <subfield code="r">2025-09-08 00:00:00</subfield>
    <subfield code="t">C-1</subfield>
    <subfield code="w">2025-09-08</subfield>
    <subfield code="y">BK</subfield>
  </datafield>
</record>
